〈Minecraft〉木材の種類 - Statistics

General Stats
  • This quiz has been taken 435 times
  • The average score is 8 of 11
Answer Stats
種類 バイオーム % Correct
シラカバの木 森林など
97%
オークの木 森林など
95%
ダークオークの木 暗い森
91%
アカシアの木 サバンナ
87%
トウヒの木 雪原など
83%
ジャングルの木 熱帯雨林
83%
マングローブの木 沼地
70%
サクラの木 山岳
61%
歪んだ幹 森(ネザー)
54%
真紅の幹 森(ネザー)
47%
熱帯雨林
44%
No matching quizzes found
Score Distribution
Percent of People with Each Score
Percentile by Number Answered
Your Score History
You have not taken this quiz